000 00721nam a2200217Ii 4500
003 JO-AjNU
008 230605s9999||||xx |||||||||||||| ||und||
017 _a2007/5/1406
040 _aJO-AjNU
_bara
_erda
_cJO-AjNU
041 _aara
050 1 4 _aBF723.A35.K57.2007
100 3 _aتاليف كتاني،منذر ابراهيم,
_eauthor
_922246
245 0 0 _aالعدوان والطفل
250 _aط1
264 3 1 _aعمان:منذر ابراهيم كتاني،2007
300 _a119ص
336 _atext
_btxt
_2rdacontent
337 _aunmediated
_bn
_2rdamedia
338 _avolume
_bnc
_2rdacarrier
650 4 _aسيكولوجية الطفولة-العنف-الاطفال-علم نفس الطفولة
_922247
999 _aA7864
_c11432
_d11432